000 00617nam a2200193 i 4500
001 129229
003 ES-MaACL
005 20230906193449.0
007 t|
008 070608s1961 sp ||||1| spa d
080 _a821.124-22"-01"
100 1 _aTerencio Africano, Publio.
_9109734
245 1 0 _aComedias /
_cPublio Terencio Africano ; texto revisado y traducido por Lisardo Rubio.
260 _aBarcelona :
_bAlma Mater,
_c1961.
300 _a2 v. ;
_c25 cm.
505 8 _aContiene: El heautontimorúmenos. Formión.
700 1 _aRubio Fernández, Lisardo.
_9100408
852 _aES-MaACL
_jE-4753-4
_bR.45160
999 _c129229
_d129229